| 000 | 00000nam##2200000za#4500 |
| 001 | 9.600895 |
| 003 | CaOODSP |
| 005 | 20210624205816 |
| 007 | cr ||||||||||| |
| 008 | 150406|1998||||xxc|||||o f|0| 0 fre|d |
| 040 | |aCaOODSP|bfre |
| 043 | |an-cn--- |
| 086 | 1 |aNM95-57/2-4-1998F-PDF |
| 110 | 1 |aCanada.|bPatrimoine canadien. |bInstitut canadien de conservation. |
| 245 | 10|aTrousse d'instruments de mesure des conditions ambiantes |h[ressource électronique] |
| 260 | |aOttawa - Ontario : |bPatrimoine canadien. |c[1998], c1983. |
| 300 | |a2p.|bphotographies |
| 490 | 1 |aNotes de l'ICC |v2/4 |
| 500 | |aLe nº de catalogue (NM95-57/2-4-1998F) et l'ISSN (1191-7237) de l'édition imprimée ont été incorrectement copiés dans cette édition électronique. |
| 504 | |aBibliographie. |
| 590 | |a11-09-Supp|b2011-06-30 |
| 775 | 08|tEnvironmental monitoring kit |w(CaOODSP)9.570128 |
| 830 | #0|aNotes de l'ICC ;|v2/4|w(CaOODSP)9.502751 |
| 856 | 40|ahttp://publications.gc.ca|qPDF|s614 Ko|uhttps://publications.gc.ca/collections/collection_2011/pc-ch/NM95-57-2-4-1998-fra.pdf|y2/4 |